Super Success : discover your true potential and get what you want out of life!

Bibliographic Details
Main Author: Holden, Philip
Corporate Author: Title
Format: Book
Published: Mumbai : Magna Publishing , 1998
Subjects:

MARC

LEADER 00000cam a2200000 7i4500
001 0000012902
005 20080104.0
008 080104
090 0 0 |a 658.022   |b HOL 
100 0 |a Holden, Philip 
245 1 0 |a Super Success :   |b discover your true potential and get what you want out of life!   |c Philip Holden 
260 |a Mumbai :   |b Magna Publishing ,   |c 1998 
650 0 |a Success in business 
710 0 |a Title 
999 |a 0001003826   |b Book   |c Adult Collection   |e Perbadanan Perpustakaan Awam Johor